000 00369nam a2200145Ia 4500
008 240624s9999 xx 000 0 und d
041 _aeng
082 _a519.5 SEE
100 _aLEE EUN SUL
245 _aANALYZING COMPLEX SURVEY DATA
250 _a(2nd ed.)
260 _c2006
_aNew Delhi
_bSage Publications
300 _avii, : 91 : p. : cm. ; 21
365 _cBPS
_b30
999 _c8509
_d8509